[Event "ODJM B 2016"]
[Site "Willingen GER"]
[Date "2016.05.17"]
[Round "4"]
[White "Reichel, Sara"]
[Black "Zeng, Xiaoyang-Alex"]
[Result "0-1"]
[Termination "normal"]
[Board "24"]
[WhiteElo "940"]
[BlackElo "1357"]
[PlyCount "48"]
[WhiteFideId "16245130"]
[EventCountry "GER"]
[EventRounds "9"]
[EventType "swiss"]
[EventDate "2016.05.14"]

1. e4 c5 2. Nc3 d6 3. f4 g6 4. Nf3 Bg7 5. Bc4 Nf6 6. O-O O-O 7. d3 Nc6 8. a4
Bg4 9. Ne2 d5 10. Ba2 dxe4 11. Ne5 exd3 12. Nxd3 Nd4 13. Qd2 Nxe2+ 14. Kh1 Ne4
15. Qe1 Qd4 16. Nf2 Nxf2+ 17. Rxf2 Nxc1 18. Rxc1 Qxb2 19. Bb3 Rad8 20. h3 Bf5
21. Rd1 Bf6 22. Rdd2 Bc3 23. Kh2 Bxd2 24. Rxd2 Qc3 0-1

[Event "ODJM B 2016"]
[Site "Willingen GER"]
[Date "2016.05.17"]
[Round "4"]
[White "Seliokaite, Ana"]
[Black "Schranz, Patrick"]
[Result "1-0"]
[Termination "normal"]
[Board "25"]
[WhiteElo "1138"]
[BlackElo "1493"]
[PlyCount "53"]
[WhiteFideId "16224817"]
[BlackFideId "12987298"]
[EventCountry "GER"]
[EventRounds "9"]
[EventType "swiss"]
[EventDate "2016.05.14"]

1. e4 e5 2. Nf3 Nc6 3. Bc4 Nf6 4. Ng5 d5 5. exd5 Nxd5 6. Nxf7 Kxf7 7. Qf3+ Ke6
8. Nc3 Ncb4 9. Qe4 c6 10. a3 Na6 11. d4 Bd6 12. Nxd5 cxd5 13. Qxd5+ Kd7 14.
dxe5 Qe7 15. Bb5+ Kc7 16. Qxd6+ Qxd6 17. exd6+ Kxd6 18. Bf4+ Kc5 19. a4 Nb4 20.
O-O-O Kb6 21. Rd6+ Nc6 22. b4 a5 23. c3 Bf5 24. Kb2 Rhd8 25. Rhd1 Re8 26. f3
Re2+ 27. Bxe2 1-0

[Event "ODJM B 2016"]
[Site "Willingen GER"]
[Date "2016.05.17"]
[Round "4"]
[White "Caliebe, Nanke"]
[Black "Klühs, Gustaf"]
[Result "1-0"]
[Termination "normal"]
[Board "26"]
[WhiteElo "1478"]
[BlackElo "1249"]
[PlyCount "47"]
[WhiteFideId "12980528"]
[BlackFideId "16228936"]
[EventCountry "GER"]
[EventRounds "9"]
[EventType "swiss"]
[EventDate "2016.05.14"]

1. d4 e6 2. Nf3 b6 3. Bf4 Bb7 4. e3 Nf6 5. Bd3 d5 6. Nbd2 Nbd7 7. O-O Be7 8. h3
O-O 9. Rc1 c5 10. c4 Re8 11. Re1 Nf8 12. Nb3 Rc8 13. Bh2 Bd6 14. Ne5 Ng6 15.
cxd5 Nxd5 16. Bb5 Bxe5 17. Bxe5 Re7 18. Bh2 a6 19. Be2 cxd4 20. Rxc8 Qxc8 21.
Qxd4 Rd7 22. Rc1 Qd8 23. Qc4 Rc7 24. Bxc7 1-0

[Event "ODJM B 2016"]
[Site "Willingen GER"]
[Date "2016.05.17"]
[Round "4"]
[White "Rosenhain, Jonathan"]
[Black "Bünte, Judith"]
[Result "1-0"]
[Termination "normal"]
[Board "27"]
[WhiteElo "1222"]
[BlackElo "1468"]
[PlyCount "43"]
[WhiteFideId "16212169"]
[BlackFideId "16222342"]
[EventCountry "GER"]
[EventRounds "9"]
[EventType "swiss"]
[EventDate "2016.05.14"]

1. e4 e5 2. Nf3 Nc6 3. Bc4 Nf6 4. d4 exd4 5. O-O Bc5 6. e5 Ng8 7. c3 dxc3 8.
Qd5 Qe7 9. Ng5 Nh6 10. Nxc3 Bb6 11. Nf3 Nb4 12. Qe4 a6 13. Bg5 Qf8 14. Bxh6
gxh6 15. a3 Nc6 16. Nd5 Kd8 17. Qh4+ Ne7 18. Nxe7 Qxe7 19. Qxh6 Qf8 20. Qf6+
Ke8 21. Ng5 Qe7 22. Qxh8+ 1-0

[Event "ODJM B 2016"]
[Site "Willingen GER"]
[Date "2016.05.17"]
[Round "4"]
[White "Rokohl, Florian"]
[Black "Burdot, Louis"]
[Result "1-0"]
[Termination "normal"]
[Board "28"]
[WhiteElo "1397"]
[BlackElo "1214"]
[PlyCount "129"]
[WhiteFideId "16229738"]
[BlackFideId "4004760"]
[EventCountry "GER"]
[EventRounds "9"]
[EventType "swiss"]
[EventDate "2016.05.14"]

1. e4 e5 2. Nf3 Nf6 3. Nc3 Nc6 4. Bc4 Nxe4 5. Nxe4 d5 6. Bxd5 Qxd5 7. Nc3 Qd8
8. d3 Bg4 9. h3 Bh5 10. Be3 Nd4 11. g4 Qf6 12. Bxd4 exd4 13. Qe2+ Qe6 14. Nxd4
Qxe2+ 15. Kxe2 Bg6 16. Ndb5 Kd7 17. f4 f5 18. g5 h6 19. h4 Bh5+ 20. Kd2 a6 21.
Nd4 g6 22. Nd5 Bg7 23. Nxc7 Bxd4 24. Nxa8 Rxa8 25. c3 Bg7 26. Rae1 b5 27. Re3
hxg5 28. hxg5 Re8 29. Rxe8 Kxe8 30. Re1+ Kd7 31. d4 b4 32. Kc2 bxc3 33. bxc3
Bf3 34. Kb3 Bd5+ 35. c4 Be4 36. Kc3 Ke6 37. Re2 Kd7 38. Rh2 Ke7 39. Rb2 Kf7 40.
Rb6 Bf8 41. c5 Be7 42. Rxa6 Bd8 43. Ra7+ Kf8 44. a4 Be7 45. a5 Kf7 46. a6 Ke6
47. Rc7 Ba8 48. Rc8 Bh1 49. a7 Kf7 50. a8=Q Bxa8 51. Rxa8 Ke6 52. Kc4 Kd7 53.
Rg8 Ke6 54. Rxg6+ Kf7 55. c6 Bd8 56. Rf6+ Ke7 57. d5 Ke8 58. Rh6 Bc7 59. d6 Bd8
60. Rh8+ Kf7 61. Rxd8 Ke6 62. c7 Kf7 63. c8=Q Kg7 64. Rh8 Kf7 65. Qg8# 1-0

[Event "ODJM B 2016"]
[Site "Willingen GER"]
[Date "2016.05.17"]
[Round "4"]
[White "Abicht, Aruna Sophia"]
[Black "Wagner, Victoria"]
[Result "1-0"]
[Termination "normal"]
[Board "29"]
[WhiteElo "1060"]
[BlackElo "1395"]
[PlyCount "71"]
[BlackFideId "16232348"]
[EventCountry "GER"]
[EventRounds "9"]
[EventType "swiss"]
[EventDate "2016.05.14"]

1. b3 e5 2. Bb2 d6 3. e3 Nc6 4. Bb5 Bd7 5. Ne2 a6 6. Bc4 b5 7. Bd5 Nf6 8. Bxc6
Bxc6 9. O-O Qd7 10. d3 Be7 11. Nd2 O-O 12. e4 Ng4 13. h3 Nh6 14. d4 f5 15. d5
Bb7 16. c4 Bf6 17. Bc3 Bc8 18. a4 Rb8 19. axb5 axb5 20. f3 Qf7 21. Ra7 Qg6 22.
Kh1 Rf7 23. Qa1 f4 24. Ra8 Rxa8 25. Qxa8 Rf8 26. Qc6 Bh4 27. Qxc7 Bg3 28. cxb5
Qh5 29. Ng1 Ng4 30. fxg4 Bxg4 31. Qxd6 f3 32. Ndxf3 Rxf3 33. Rxf3 Bxf3 34. Nxf3
Bf4 35. Qe6+ Kf8 36. Bb4# 1-0

[Event "ODJM B 2016"]
[Site "Willingen GER"]
[Date "2016.05.17"]
[Round "4"]
[White "Frank, Marek"]
[Black "Jacoby, Angelina"]
[Result "1/2-1/2"]
[Termination "normal"]
[Board "30"]
[WhiteElo "1386"]
[BlackElo "1240"]
[PlyCount "98"]
[WhiteFideId "16239520"]
[BlackFideId "12999008"]
[EventCountry "GER"]
[EventRounds "9"]
[EventType "swiss"]
[EventDate "2016.05.14"]

1. e4 d5 2. exd5 Qxd5 3. Nc3 Qa5 4. d4 c6 5. Nf3 Nf6 6. Bd3 Bg4 7. O-O e6 8.
Bf4 Qd8 9. Ne4 Nxe4 10. Bxe4 Bd6 11. Bxd6 Qxd6 12. c3 Nd7 13. h3 Bh5 14. Bc2
O-O-O 15. Qd3 f6 16. Nd2 Bg6 17. Ne4 Qc7 18. Qe2 Qf4 19. b4 Bf5 20. g3 Qc7 21.
Kg2 g5 22. a4 Rdg8 23. b5 h5 24. c4 h4 25. g4 Bh7 26. c5 Bg6 27. Nd6+ Kb8 28.
Bxg6 Rxg6 29. Qxe6 Rhg8 30. Qf5 b6 31. Rfc1 bxc5 32. dxc5 Ne5 33. Rab1 cxb5 34.
Rxb5+ Ka8 35. Qe4+ Qc6 36. Qxc6+ Nxc6 37. Nf5 Rc8 38. Rcb1 Rgg8 39. Rb7 Rb8 40.
Rxb8+ Rxb8 41. Rb5 a6 42. Rxb8+ Nxb8 43. Kf3 Nd7 44. c6 Ne5+ 45. Ke4 Nxc6 46.
Kd5 Nb4+ 47. Ke6 Nd3 48. f3 Nf2 49. Kxf6 Nxh3 1/2-1/2

[Event "ODJM B 2016"]
[Site "Willingen GER"]
[Date "2016.05.17"]
[Round "4"]
[White "Chalabi, Tom"]
[Black "Hamm, Oliver"]
[Result "0-1"]
[Termination "normal"]
[Board "31"]
[WhiteElo "1365"]
[BlackElo "1400"]
[PlyCount "120"]
[WhiteFideId "4003012"]
[BlackFideId "12999016"]
[EventCountry "GER"]
[EventRounds "9"]
[EventType "swiss"]
[EventDate "2016.05.14"]

1. e4 d5 2. exd5 Qxd5 3. Nc3 Qa5 4. d4 c6 5. Bc4 Bf5 6. Nge2 e6 7. O-O Nf6 8.
Ng3 Bg6 9. f4 Bd6 10. f5 exf5 11. Qe2+ Kd7 12. Qd3 f4 13. Qf3 fxg3 14. hxg3 Qh5
15. Qxh5 Nxh5 16. Bxf7 Nxg3 17. Rf3 Bxc2 18. Bf4 Rf8 19. Bxg3 Bxg3 20. Be6+ Ke7
21. Rxg3 Kxe6 22. Re1+ Kd6 23. Rxg7 Nd7 24. Rge7 Rf6 25. R7e2 Bd3 26. Re3 Bg6
27. Rd1 Nb6 28. Rde1 Nc4 29. Re7 b5 30. Rb7 Re6 31. Rf1 Nxb2 32. Rf2 Nc4 33.
Ne2 Re7 34. Rf6+ Re6 35. Rf2 Re4 36. Rf6+ Re6 37. Rf2 Ne3 38. Nf4 Re4 39. Nxg6
hxg6 40. Rf6+ Kd5 41. Rd7+ Kc4 42. Rxc6+ Kd3 43. d5 Ng4 44. g3 Rc4 45. Rdd6
Rxc6 46. dxc6+ Kc4 47. c7 Rc8 48. Rd7 Kc5 49. Rg7 Ne5 50. Kf2 Kc6 51. Re7 Nc4
52. Re6+ Kxc7 53. Rxg6 Rd8 54. Kf3 Ne5+ 55. Kf4 Nxg6+ 56. Kf5 Ne7+ 57. Ke6 Nc6
58. g4 Nb4 59. Kf7 Nxa2 60. g5 b4 0-1

[Event "ODJM B 2016"]
[Site "Willingen GER"]
[Date "2016.05.17"]
[Round "4"]
[White "Ponomarev, Maximilian"]
[Black "Maul, Maik"]
[Result "1-0"]
[Termination "normal"]
[Board "32"]
[WhiteElo "1554"]
[BlackElo "1354"]
[PlyCount "177"]
[WhiteFideId "16216768"]
[BlackFideId "16204816"]
[EventCountry "GER"]
[EventRounds "9"]
[EventType "swiss"]
[EventDate "2016.05.14"]

1. e4 e5 2. Nf3 Nc6 3. Bb5 Nge7 4. O-O g6 5. d4 exd4 6. Nxd4 Bg7 7. c3 a6 8.
Be2 f5 9. Nxc6 dxc6 10. Qxd8+ Kxd8 11. Rd1+ Ke8 12. exf5 Bxf5 13. Bf4 Nd5 14.
Bg3 h5 15. h4 Rc8 16. Re1 Kf7 17. Bc4 b5 18. Bb3 a5 19. a3 Bf6 20. Be5 Rhe8 21.
f4 Kg7 22. Bxf6+ Nxf6 23. Nd2 Rcd8 24. Nf3 Re4 25. Rxe4 Bxe4 26. Rd1 Re8 27.
Nd4 c5 28. Nxb5 Rb8 29. Ba4 c6 30. Nd6 Bd5 31. c4 Be6 32. b3 Rb6 33. Re1 Bg4
34. Ne8+ Nxe8 35. Rxe8 Bd1 36. Re3 Kf6 37. Kf2 Kf5 38. Kg3 Kf6 39. Rd3 Bc2 40.
Rd6+ Kf5 41. Rxc6 Rxc6 42. Bxc6 Bxb3 43. Bd5 Bc2 44. Kf3 Bd1+ 45. Kg3 Bc2 46.
Bc6 Be4 47. Bd7+ Kf6 48. Kf2 Bf5 49. Bc6 Bd3 50. Bd5 Kf5 51. Kf3 Bc2 52. g3
Bd1+ 53. Kf2 Bc2 54. Bb7 Be4 55. Bc8+ Kf6 56. Ke3 Bf5 57. Bb7 Be6 58. Kd3 Kf5
59. Bf3 Bd7 60. Be4+ Kg4 61. Bxg6 Kxg3 62. f5 Bxf5+ 63. Bxf5 Kxh4 64. Ke4 Kg3
65. Kd5 h4 66. Kxc5 h3 67. Kb6 h2 68. Be4 Kf4 69. Bh1 Ke3 70. c5 Kf2 71. c6 Kg1
72. Be4 h1=Q 73. Bxh1 Kxh1 74. c7 Kg2 75. c8=Q Kf3 76. Qc4 Ke3 77. Qd5 Kf4 78.
Qe6 Kf3 79. Qe5 Kf2 80. Qe4 Kf1 81. Qe3 Kg2 82. Qf4 Kg1 83. Qf3 a4 84. Qe2 Kh1
85. Kc5 Kg1 86. Kd4 Kh1 87. Ke3 Kg1 88. Kf3 Kh1 89. Qg2# 1-0

[Event "ODJM B 2016"]
[Site "Willingen GER"]
[Date "2016.05.17"]
[Round "4"]
[White "Hierl, Johannes"]
[Black "Borgmann, Simon"]
[Result "1/2-1/2"]
[Termination "normal"]
[Board "33"]
[WhiteElo "1142"]
[BlackElo "1318"]
[PlyCount "57"]
[WhiteFideId "16235096"]
[BlackFideId "16234677"]
[EventCountry "GER"]
[EventRounds "9"]
[EventType "swiss"]
[EventDate "2016.05.14"]

1. e4 e5 2. Nf3 Nc6 3. Bb5 d6 4. O-O Bd7 5. Nc3 Nf6 6. d3 a6 7. Ba4 b5 8. Bb3
Na5 9. Bg5 Nxb3 10. axb3 Be7 11. Qd2 O-O 12. Rad1 Bg4 13. Qe3 Nd7 14. Bxe7 Qxe7
15. h3 Bh5 16. Nd5 Qd8 17. Rd2 Bg6 18. Qg5 f6 19. Qh4 Nb6 20. Ne3 Qd7 21. Qg4
Qxg4 22. Nxg4 d5 23. exd5 Nxd5 24. Ne3 Nxe3 25. fxe3 c5 26. c4 Rfd8 27. e4 b4
28. Rfd1 Ra7 29. Nh4 1/2-1/2

[Event "ODJM B 2016"]
[Site "Willingen GER"]
[Date "2016.05.17"]
[Round "4"]
[White "Toma, Yanis"]
[Black "Unbehend, Marius"]
[Result "1/2-1/2"]
[Termination "normal"]
[Board "34"]
[WhiteElo "1319"]
[BlackElo "1311"]
[PlyCount "41"]
[WhiteFideId "16215460"]
[BlackFideId "16214420"]
[EventCountry "GER"]
[EventRounds "9"]
[EventType "swiss"]
[EventDate "2016.05.14"]

1. e4 e6 2. d4 d5 3. exd5 exd5 4. Nf3 Bd6 5. Nbd2 Ne7 6. Be2 Nbc6 7. Nf1 Be6 8.
Ng5 Qd7 9. Nxe6 fxe6 10. Bg4 Rf8 11. Qe2 Rf6 12. Bg5 Nxd4 13. Qd1 Rf8 14. c3
Ndc6 15. Qe2 Ne5 16. Bh3 Nf5 17. Ng3 Nxg3 18. hxg3 h6 19. Bf4 Nf7 20. Bxe6 Qe7
21. Bxd5 1/2-1/2

[Event "ODJM B 2016"]
[Site "Willingen GER"]
[Date "2016.05.17"]
[Round "4"]
[White "Kreitmeier, Anika"]
[Black "Klühs, Isabel"]
[Result "1/2-1/2"]
[Termination "normal"]
[Board "35"]
[WhiteElo "1310"]
[BlackElo "919"]
[PlyCount "80"]
[WhiteFideId "12991775"]
[BlackFideId "16228944"]
[EventCountry "GER"]
[EventRounds "9"]
[EventType "swiss"]
[EventDate "2016.05.14"]

1. e4 c5 2. Nf3 Nc6 3. d4 cxd4 4. Nxd4 Nf6 5. Nc3 e5 6. Nf3 Bb4 7. Bd2 Bxc3 8.
Bxc3 Nxe4 9. Bxe5 Nxe5 10. Nxe5 Qa5+ 11. c3 Qxe5 12. Be2 O-O 13. O-O d5 14. Re1
Qg5 15. Bf3 Nf6 16. Rc1 Bg4 17. Re3 Bxf3 18. Rxf3 Rfe8 19. Rg3 Qe5 20. Re3 Qd6
21. Rd3 Rad8 22. Rb1 Re5 23. Qc1 Ng4 24. Rg3 Nf6 25. Qh6 g6 26. Rh3 Rde8 27. g4
Qf8 28. Qh4 g5 29. Qg3 Re1+ 30. Rxe1 Rxe1+ 31. Kg2 Re4 32. f3 Re2+ 33. Kf1 Rxb2
34. Qe5 Rb1+ 35. Kg2 Rb2+ 36. Kg3 Qg7 37. Qb8+ Qf8 38. Qe5 Qg7 39. Qb8+ Qf8 40.
Qe5 Qg7 1/2-1/2

[Event "ODJM B 2016"]
[Site "Willingen GER"]
[Date "2016.05.17"]
[Round "4"]
[White "Burdot, Clara"]
[Black "Feil, Alexander"]
[Result "1/2-1/2"]
[Termination "normal"]
[Board "36"]
[WhiteElo "921"]
[BlackElo "1371"]
[PlyCount "63"]
[WhiteFideId "4004779"]
[BlackFideId "4002954"]
[EventCountry "GER"]
[EventRounds "9"]
[EventType "swiss"]
[EventDate "2016.05.14"]

1. e4 d5 2. exd5 c6 3. d4 cxd5 4. Nf3 Nf6 5. Nc3 Bf5 6. Bd3 e6 7. O-O Bb4 8.
Bxf5 exf5 9. Qd3 O-O 10. Qxf5 Nc6 11. Bd2 h6 12. Rad1 Bxc3 13. Bxc3 Re8 14.
Rfe1 Qc8 15. Rxe8+ Qxe8 16. Re1 Qc8 17. Qxc8+ Rxc8 18. a3 Ne4 19. Re3 f6 20. h3
Kf7 21. Nh2 Re8 22. f3 Nxc3 23. Rxe8 Kxe8 24. bxc3 b5 25. Kf2 a5 26. Ke2 a4 27.
Kd3 Na5 28. Nf1 Nc4 29. Ne3 Kf7 30. Nxc4 bxc4+ 31. Ke3 g5 32. f4 1/2-1/2

[Event "ODJM B 2016"]
[Site "Willingen GER"]
[Date "2016.05.17"]
[Round "4"]
[White "Arnold, Alexandria"]
[Black "Gehrke, Jakob"]
[Result "1-0"]
[Termination "normal"]
[Board "37"]
[WhiteElo "1047"]
[BlackElo "1303"]
[PlyCount "39"]
[WhiteFideId "16205383"]
[BlackFideId "12993905"]
[EventCountry "GER"]
[EventRounds "9"]
[EventType "swiss"]
[EventDate "2016.05.14"]

1. e4 e5 2. Nf3 Nc6 3. Bc4 Bc5 4. c3 d6 5. d4 Bb6 6. Be3 Nf6 7. O-O Nxe4 8. Bb3
Bd7 9. Qd3 Nf6 10. Nbd2 Qe7 11. Ne4 Bf5 12. Nxf6+ Qxf6 13. Qd2 h6 14. Ba4 O-O-O
15. d5 Bxe3 16. Qxe3 b6 17. dxc6 h5 18. Qe2 Qg6 19. Qa6+ Kb8 20. Qb7# 1-0

[Event "ODJM B 2016"]
[Site "Willingen GER"]
[Date "2016.05.17"]
[Round "4"]
[White "Reyher, Bastian"]
[Black "Stork, Christopher"]
[Result "0-1"]
[Termination "normal"]
[Board "38"]
[WhiteElo "1064"]
[BlackElo "1654"]
[PlyCount "108"]
[WhiteFideId "12927465"]
[BlackFideId "16215400"]
[EventCountry "GER"]
[EventRounds "9"]
[EventType "swiss"]
[EventDate "2016.05.14"]

1. e4 c5 2. Nf3 Nc6 3. d4 cxd4 4. Nxd4 Nf6 5. Nc3 g6 6. Bg5 Bg7 7. Nb3 h6 8.
Bf4 g5 9. Be3 O-O 10. Bc4 a6 11. Qf3 d6 12. h3 Ne5 13. Qe2 Nxc4 14. Qxc4 b5 15.
Qc6 Bd7 16. Qb6 Qxb6 17. Bxb6 b4 18. Ne2 Nxe4 19. f3 Nf6 20. O-O-O Rfc8 21. g4
Ba4 22. Ned4 Bxb3 23. Nxb3 Nd7 24. Ba5 Rab8 25. Nd4 Rc4 26. c3 bxc3 27. Bxc3
Rbc8 28. Rd3 Bxd4 29. Kb1 Bxc3 30. Rxc3 Rxc3 31. bxc3 Rxc3 32. Rf1 Ne5 33. Rc1
Rxc1+ 34. Kxc1 Nxf3 35. a4 e5 36. Kb2 Kf8 37. Kb3 Ke7 38. Kb4 Kd7 39. Ka5 Nd2
40. Kxa6 Nc4 41. a5 Nxa5 42. Kxa5 Ke6 43. Kb4 f5 44. Kc3 f4 45. Kd2 e4 46. Ke2
d5 47. h4 d4 48. h5 Ke5 49. Kd2 f3 50. Ke1 Kf4 51. Kf2 e3+ 52. Ke1 f2+ 53. Ke2
d3+ 54. Kf1 d2 0-1

[Event "ODJM B 2016"]
[Site "Willingen GER"]
[Date "2016.05.17"]
[Round "4"]
[White "Lorenz, Keana"]
[Black "Bardorz, Stefan"]
[Result "1-0"]
[Termination "normal"]
[Board "39"]
[WhiteElo "1037"]
[BlackElo "1283"]
[PlyCount "53"]
[WhiteFideId "12990248"]
[BlackFideId "16245474"]
[EventCountry "GER"]
[EventRounds "9"]
[EventType "swiss"]
[EventDate "2016.05.14"]

1. e4 e5 2. Nf3 Nc6 3. Bc4 Nf6 4. Ng5 d5 5. exd5 Na5 6. Bd3 h6 7. Nh3 Qxd5 8.
f3 e4 9. Nc3 Qh5 10. fxe4 Qh4+ 11. Nf2 Bc5 12. g3 Bxf2+ 13. Kxf2 Ng4+ 14. Kg2
Qg5 15. Bb5+ Nc6 16. d4 Qf6 17. Rf1 Qd6 18. d5 a6 19. dxc6 axb5 20. cxb7 Qxd1
21. bxa8=Q Qxc2+ 22. Kf3 Qd3+ 23. Kg2 Qc2+ 24. Kf3 Nxh2+ 25. Kf4 g5+ 26. Ke5
Ng4+ 27. Kd5 1-0

[Event "ODJM B 2016"]
[Site "Willingen GER"]
[Date "2016.05.17"]
[Round "4"]
[White "Schirrmeister, Laura"]
[Black "Bilek, Thomas"]
[Result "1/2-1/2"]
[Termination "normal"]
[Board "40"]
[WhiteElo "1351"]
[BlackElo "1192"]
[PlyCount "58"]
[WhiteFideId "24694967"]
[BlackFideId "12994707"]
[EventCountry "GER"]
[EventRounds "9"]
[EventType "swiss"]
[EventDate "2016.05.14"]

1. d4 d5 2. e3 c5 3. c3 Bf5 4. Nf3 e6 5. Nbd2 Nf6 6. Nh4 Bg6 7. Nxg6 hxg6 8.
Bd3 Nc6 9. b3 a6 10. Bb2 b5 11. a3 Bd6 12. Nf3 Ng4 13. h3 e5 14. Nxe5 Nxf2 15.
Kxf2 Nxe5 16. dxe5 Bxe5 17. Rf1 d4 18. exd4 Qh4+ 19. Ke2 Bf4 20. Rxf4 Qxf4 21.
dxc5 Ra7 22. Qd2 Qg3 23. Re1 O-O 24. Kd1 Rd7 25. Kc2 Rfd8 26. Re3 Qc7 27. c4
Qxc5 28. Qc3 f5 29. Re5 Qf2+ 1/2-1/2

[Event "ODJM B 2016"]
[Site "Willingen GER"]
[Date "2016.05.17"]
[Round "4"]
[White "Brunner, Alexander"]
[Black "Lohrmann, Linus"]
[Result "0-1"]
[Termination "normal"]
[Board "41"]
[WhiteElo "1246"]
[BlackElo "1036"]
[PlyCount "90"]
[WhiteFideId "12965278"]
[BlackFideId "12982857"]
[EventCountry "GER"]
[EventRounds "9"]
[EventType "swiss"]
[EventDate "2016.05.14"]

1. e4 e5 2. d4 exd4 3. Qxd4 Nc6 4. Qe3 d6 5. Nc3 Nf6 6. Bd2 Be7 7. O-O-O h6 8.
Be2 O-O 9. Qg3 Nh7 10. f4 Bh4 11. Qf3 Nd4 12. Qe3 c5 13. Nf3 Nxe2+ 14. Nxe2 Bg4
15. h3 Bxf3 16. gxf3 Bf6 17. Rhg1 Qb6 18. Bc3 Bxc3 19. Qxc3 Nf6 20. Qxf6 g6 21.
f5 d5 22. fxg6 Qxf6 23. gxf7+ Kh7 24. Rxd5 Rxf7 25. Ng3 Qf4+ 26. Kb1 Qe3 27.
Rdd1 Rd8 28. Rdf1 Rxf3 29. Rxf3 Qxf3 30. a3 Qf2 31. Nh5 Qxg1+ 32. Ka2 c4 33. e5
Rd1 34. Nf6+ Kg6 35. b3 c3 36. b4 Ra1+ 37. Kb3 Qb1+ 38. Kxc3 Rxa3+ 39. Kc4
Qxc2+ 40. Kd5 Qc6+ 41. Kd4 Qb6+ 42. Ke4 Qxb4+ 43. Kd5 Rd3+ 44. Ke6 Qb6+ 45. Ke7
Qc7+ 0-1

[Event "ODJM B 2016"]
[Site "Willingen GER"]
[Date "2016.05.17"]
[Round "4"]
[White "Wagner, Margarethe"]
[Black "Kobald, Pierre"]
[Result "1-0"]
[Termination "normal"]
[Board "42"]
[WhiteElo "1036"]
[BlackElo "1241"]
[PlyCount "125"]
[WhiteFideId "16236947"]
[BlackFideId "12983659"]
[EventCountry "GER"]
[EventRounds "9"]
[EventType "swiss"]
[EventDate "2016.05.14"]

1. e4 c5 2. Nf3 Nc6 3. d4 cxd4 4. Nxd4 g6 5. Nc3 Bg7 6. Be3 Nf6 7. f3 O-O 8.
Qd2 Qb6 9. O-O-O Qa5 10. Nxc6 bxc6 11. Qd4 Nd5 12. Qc5 Qxc5 13. Bxc5 Nxc3 14.
bxc3 d6 15. Bd4 Bh6+ 16. Kb1 Rb8+ 17. Ka1 c5 18. Bf2 Bg7 19. Be1 Be6 20. Rb1
Rxb1+ 21. Kxb1 Rb8+ 22. Ka1 d5 23. exd5 Bxd5 24. Bd2 Be6 25. Bd3 c4 26. Be4 f5
27. Bc6 Rd8 28. Bg5 Bxc3+ 29. Kb1 a5 30. Kc1 Rb8 31. Bd2 Bb2+ 32. Kd1 Rd8 33.
Ke2 c3 34. Bg5 Kf7 35. a4 Bd5 36. Bb5 Rc8 37. Kd3 Bc6 38. Bc4+ e6 39. Re1 Bd5
40. Bxd5 exd5 41. Re7+ Kf8 42. Rxh7 Rc4 43. Rd7 Rxa4 44. Rxd5 Ra1 45. Kc4 a4
46. Ra5 a3 47. Kb3 Rh1 48. h3 Rg1 49. g4 Rg3 50. Bh6+ Kg8 51. gxf5 Rxh3 52. Bg5
Rxf3 53. fxg6 Rg3 54. Be7 Rxg6 55. Bxa3 Bxa3 56. Rxa3 Rc6 57. Ra4 Kf7 58. Rc4
Rxc4 59. Kxc4 Ke6 60. Kxc3 Kd5 61. Kb4 Kd4 62. c3+ Kd3 63. c4 1-0

[Event "ODJM B 2016"]
[Site "Willingen GER"]
[Date "2016.05.17"]
[Round "4"]
[White "von der Weyden, Louis"]
[Black "Beyer, Clemens"]
[Result "0-1"]
[Termination "normal"]
[Board "43"]
[WhiteElo "1387"]
[BlackElo "1028"]
[PlyCount "86"]
[WhiteFideId "16207050"]
[BlackFideId "16245407"]
[EventCountry "GER"]
[EventRounds "9"]
[EventType "swiss"]
[EventDate "2016.05.14"]

1. c4 e5 2. Nc3 Nc6 3. g3 g6 4. Bg2 Bg7 5. e3 Nge7 6. Nge2 O-O 7. O-O d6 8. d4
exd4 9. exd4 Rb8 10. f4 Bg4 11. Be3 Nf5 12. Qd2 Qe8 13. Bf2 Qe7 14. Rfe1 Bxe2
15. Nxe2 Qf6 16. d5 Ncd4 17. Rad1 Nxe2+ 18. Rxe2 b6 19. b3 Rbe8 20. Rxe8 Rxe8
21. g4 Ne7 22. Re1 Qb2 23. Qxb2 Bxb2 24. Re2 Bg7 25. Bh3 Kf8 26. b4 Bc3 27. Be1
Bxe1 28. Rxe1 Ra8 29. f5 gxf5 30. gxf5 a5 31. b5 a4 32. a3 Re8 33. Kg2 f6 34.
Kg3 Kf7 35. Bg4 Rg8 36. Kf4 Rg5 37. h4 Rg7 38. Re6 Kf8 39. Rxf6+ Rf7 40. Re6
Ng6+ 41. Kg5 Ne5 42. Bh5 Rg7+ 43. Kf6 Nd7# 0-1

[Event "ODJM B 2016"]
[Site "Willingen GER"]
[Date "2016.05.17"]
[Round "4"]
[White "Strohschneider, Leon"]
[Black "Funke, Maximilian"]
[Result "1-0"]
[Termination "normal"]
[Board "44"]
[WhiteElo "996"]
[BlackElo "1190"]
[PlyCount "63"]
[WhiteFideId "16211634"]
[BlackFideId "16251989"]
[EventCountry "GER"]
[EventRounds "9"]
[EventType "swiss"]
[EventDate "2016.05.14"]

1. e4 e5 2. Nf3 Nc6 3. Bc4 d6 4. Nc3 Bg4 5. h3 Bxf3 6. Qxf3 Nf6 7. d3 Nd4 8.
Qd1 Be7 9. Be3 Nc6 10. Qd2 Qd7 11. Nd5 Nxd5 12. Bxd5 f5 13. f3 f4 14. Bf2 O-O-O
15. g3 Bg5 16. Qc3 Kb8 17. g4 h5 18. Rg1 Ne7 19. Qa3 a6 20. Bb3 hxg4 21. hxg4
Rh3 22. Bc4 Qc6 23. O-O-O Rdh8 24. Qb3 Rxf3 25. Rgf1 Rh2 26. Ba7+ Kxa7 27. Rxf3
Ng6 28. Kb1 Nh4 29. Rff1 Rg2 30. d4 Qxe4 31. Bd5 Qe2 32. Qxb7# 1-0

[Event "ODJM B 2016"]
[Site "Willingen GER"]
[Date "2016.05.17"]
[Round "4"]
[White "Kail, Oliver"]
[Black "Kalina, Lena"]
[Result "0-1"]
[Termination "normal"]
[Board "45"]
[WhiteElo "915"]
[BlackElo "1410"]
[PlyCount "70"]
[WhiteFideId "16228820"]
[BlackFideId "12988014"]
[EventCountry "GER"]
[EventRounds "9"]
[EventType "swiss"]
[EventDate "2016.05.14"]

1. e4 g6 2. d4 Bg7 3. Nf3 c6 4. Nc3 d5 5. exd5 cxd5 6. Be3 e6 7. g3 Ne7 8. Bg2
Nbc6 9. O-O Nf5 10. Re1 O-O 11. a3 Qb6 12. Na4 Qb5 13. b3 Qa5 14. Bh3 e5 15.
dxe5 Nxe3 16. Rxe3 Bxh3 17. c3 Rfe8 18. b4 Qd8 19. Nc5 Rb8 20. Qe1 Qc7 21. e6
fxe6 22. Nxe6 Bxe6 23. Rxe6 Qd7 24. Rxe8+ Rxe8 25. Qd2 Qf5 26. Nd4 Nxd4 27.
cxd4 Re4 28. Rc1 Rxd4 29. Qe3 Re4 30. Qxa7 Bd4 31. Qb8+ Kg7 32. Rc7+ Kh6 33.
Rc1 Qxf2+ 34. Kh1 Rh4 35. g4 Qf3# 0-1

[Event "ODJM B 2016"]
[Site "Willingen GER"]
[Date "2016.05.17"]
[Round "4"]
[White "Zeng, Jiakang-Felix"]
[Black "Reuker, Ronja"]
[Result "0-1"]
[Termination "normal"]
[Board "48"]
[WhiteElo "800"]
[BlackElo "1132"]
[PlyCount "56"]
[BlackFideId "12947172"]
[EventCountry "GER"]
[EventRounds "9"]
[EventType "swiss"]
[EventDate "2016.05.14"]

1. e4 e5 2. Nf3 Nc6 3. Bc4 Nf6 4. d3 d5 5. exd5 Nxd5 6. Bxd5 Qxd5 7. Nc3 Qd8 8.
O-O Bd6 9. h3 O-O 10. Bg5 f6 11. Be3 Qe8 12. Re1 Qf7 13. Nb5 Re8 14. c4 Bb4 15.
Re2 a6 16. Nc3 Qg6 17. a3 Bxc3 18. bxc3 Bxh3 19. g3 Bg4 20. Re1 Rad8 21. Kg2 e4
22. Nh4 Bxd1 23. Nxg6 Bf3+ 24. Kh2 hxg6 25. Rab1 b6 26. d4 Kf7 27. c5 Rh8+ 28.
Kg1 Rh1# 0-1